00717nam a2200241 a 4500001001300000003000900013005001700022008004100039020001000080082001700090100002400107245003600131260005200167300000800219500003500227505001000262650003100272700002400303902000800327942000700335952011800342999001500460nice12345678IN_TiNIC20260116012520.0050524s1982 hyda grp 000 0 eng  ac10000a340.59bSHA3 aShagif, Abulashbaal aTadween Fiqh Par Ek Tarainnazar aHyderabadbMarkazi Kutub Khana Mohammadiac1982 a40p aincludes index and biblioraphy2 aindex aIslamic-Law Hanafi History1 aShagif, Abulashbaal bSRS cBK 001040708StackRoom-aHMIbHMId2007-06-01g100.00l0o340.59 SHA3p012843r2007-06-01v100.00w2005-05-24yBK c7314d7314